000 00518nam a22001817a 4500
005 20230927123956.0
010 _aB-755839
020 _a9788181535740
035 _aB-755839
082 _aS
_b1
100 _aALCOTT , LOUISA MAY
_957553
245 _aLITTLE WOMEN /
_cLOUISA MAY ALCOTT
260 _aDELHI
_bRAINBOW BOOKS
270 _aF-32 GALI NO 12, JAGATPURI , PARWANA ROAD
_bDELHI
_e110051
300 _a224P.
_b21CM(HB)
942 _2ddc
_cEN
_hS
_mOTT
999 _c198603
_d198603